|
|
|
|
| LEADER |
01542njm a2200421 a 4500 |
| 001 |
000270217 |
| 003 |
CZ BrMZK |
| 005 |
19980105143423.0 |
| 008 |
980105s1965 xr f cze d |
| 028 |
0 |
3 |
|a DV 15212
|b Supraphon
|
| 040 |
|
|
|a BOA001
|b cze
|
| 080 |
|
|
|a 792.071.028(437.1)"19":92 Průcha, Jaroslav(086.7)
|2 MRF
|
| 080 |
|
|
|a 929 Průcha, Jaroslav
|2 MRF
|
| 245 |
0 |
0 |
|a Portrét herce Jaroslava Průchy
|h [zvukový záznam] :
|b ukázky z her /
|c výběr Valter Feldstein ; režie Josef Cincibus
|
| 246 |
3 |
3 |
|a Drahomíra
|
| 246 |
3 |
3 |
|a Hrdinové okamžiku
|
| 246 |
3 |
3 |
|a Hrátky s čertem
|
| 246 |
3 |
3 |
|a Kremelský orloj
|
| 246 |
3 |
3 |
|a Labutí píseň
|
| 246 |
3 |
3 |
|a Maryša
|
| 246 |
3 |
3 |
|a Samota
|
| 246 |
3 |
3 |
|a V objetí ochechule
|
| 250 |
|
|
|a 1. vyd.
|
| 260 |
|
|
|a Praha :
|b Supraphon,
|c 1965
|
| 300 |
|
|
|a 1 LP deska :
|b 33 ot/min ;
|c 30 cm +
|e příl. [10 s.]
|
| 490 |
1 |
|
|a Gramofonový klub
|
| 500 |
|
|
|a Nahr. 1949-1961
|
| 500 |
|
|
|a Durata neuv
|
| 505 |
2 |
|
|a Hrdinové okamžiku, V objetí ochechule, Samota...[et al.]
|
| 653 |
0 |
|
|a Průcha, Jaroslav 1898-1963
|a čeští herci
|
| 700 |
1 |
|
|a Cincibus, Josef,
|d 1906-1980
|7 jk01020729
|4 drt
|
| 700 |
1 |
|
|a Feldstein, Valter,
|d 1911-1970
|7 jk01030857
|4 com
|
| 700 |
1 |
|
|a Průcha, Jaroslav,
|d 1898-1963
|7 jk01101422
|4 prf
|
| 830 |
|
0 |
|a Gramofonový klub
|
| 910 |
|
|
|a BOA001
|b LP-0005.349
|
| 964 |
|
|
|a Průcha
|b Jaroslav
|f 1898-1963
|x role herecké
|x portréty
|x LP
|
| 990 |
|
|
|a AV
|
| 996 |
6 |
|
|b 261H005555
|c LP-0005.349
|l MZK
|r Sklad / do 24 hodin
|n 1
|p kup
|w 000270217
|u 000010
|a 1
|e BOA001
|j MZK50
|s P
|